| 000 | 01150nam a22003497a 4500 | ||
|---|---|---|---|
| 003 | CHAP | ||
| 005 | 20220329134920.0 | ||
| 008 | 971013s1977 r 00010 d | ||
| 010 | _a28014 | ||
| 011 | _a28986 | ||
| 035 | _a33097 | ||
| 040 | _cCHAP | ||
| 082 |
_a001.61 _bK5 |
||
| 100 | 0 | 0 |
_aKlinger, Allen _eed. _963464 |
| 245 | _aData structures, computer graphics, and pattern recognition | ||
| 260 |
_aNew York : _bAcademic Press, _c1977 |
||
| 300 |
_a398 p. _b: ilus. |
||
| 490 | _aAcademic press rapid manuscript reproduction | ||
| 590 |
_aBATCH-UPD _b10 _c20130110 _lUCH01 _h0147 |
||
| 590 |
_aBATCH-UPD _b10 _c20130110 _lUCH01 _h1951 |
||
| 590 |
_aBATCH-UPD _b10 _c20130410 _lUCH01 _h1312 |
||
| 590 |
_aBATCH-UPD _b10 _c20130914 _lUCH01 _h1022 |
||
| 590 |
_aCONVERSION _b10 _c20130109 _lUCH01 _h1316 |
||
| 650 | 1 | 4 |
_aComputación. _926122 |
| 650 | 1 | 4 |
_aGráficas _xTeoría de las. _950766 |
| 700 | 0 |
_aFu, King Sun. _943787 |
|
| 700 | 0 |
_aKunii, Toshiyasu T. L. _964091 |
|
| 830 | 0 |
_aAcademic press rapid manuscript reproduction _9387 |
|
| 901 | _aBK | ||
| 942 | _cLIBRO | ||
| 949 |
_a001.61 K5 _bBC _cLIBRO _d33724000285250 _eLIBRO _h55199 _i33097 _si |
||
| 999 |
_c28014 _d28014 |
||